000 00452nam a2200169Ia 4500
008 131103s9999 xx 000 0 und d
040 _aLoreto College
041 _aEnglish
082 _a823.8/HAR
_bLCLIB(press)/11394
100 _aHardy,Thomas
245 _aFar from the madding crowd
_cThomas Hardy
260 _aLondon
_bMacmillan
_c1957
300 _ax,476p.
_c 21 cm.
650 _aEnglish ficton
850 _aLCLIB/823.91/HAR
942 _cBK
999 _c24713
_d75192